000 00530nam a2200169Ia 4500
999 _c6680
_d6680
003 OSt
005 20200104094954.0
008 190216s9999||||xx |||||||||||||| ||und||
020 _a8127214191
040 _coclc
082 _a332.0954
_bGUP/F
100 _a Gupta, Shashi K
_91007
245 0 _aFinancial Institutions And Markets /
_cShashi K Gupta ; Nisha Agarwal ; Neeti Gupta
260 _bKalyani Publishers,
_c2005.
_aNew Delhi:
300 _a665p
942 _cBK
_2ddc
_h332.0954
_iGUP/F
_k332.0954
_mGUP/F